Jaiminīyārṣeya-Jaiminīyopaniṣad-Brāhmaṇe. (Record no. 89270)
[ view plain ]
| 000 -LEADER | |
|---|---|
| fixed length control field | 00905cam a22002771 4500 |
| 001 - CONTROL NUMBER | |
| control field | sa 68020150 |
| 003 - CONTROL NUMBER IDENTIFIER | |
| control field | DLC |
| 005 - DATE AND TIME OF LATEST TRANSACTION | |
| control field | 20260227112722.0 |
| 008 - FIXED-LENGTH DATA ELEMENTS--GENERAL INFORMATION | |
| fixed length control field | 900301s1967 ii 000 0 sano |
| 010 ## - LIBRARY OF CONGRESS CONTROL NUMBER | |
| LC control number | sa 68020150 |
| 035 ## - SYSTEM CONTROL NUMBER | |
| System control number | (OCoLC)21142083 |
| 040 ## - CATALOGING SOURCE | |
| Original cataloging agency | DLC |
| Transcribing agency | WaU |
| Modifying agency | DLC |
| 042 ## - AUTHENTICATION CODE | |
| Authentication code | premarc |
| 050 00 - LIBRARY OF CONGRESS CALL NUMBER | |
| Classification number | PK3121 |
| Item number | .A8 1967b |
| 130 0# - MAIN ENTRY--UNIFORM TITLE | |
| Uniform title | Brahmanas. |
| Name of part/section of a work | Ārṣeyabrāhmaṇa. |
| 245 10 - TITLE STATEMENT | |
| Title | Jaiminīyārṣeya-Jaiminīyopaniṣad-Brāhmaṇe. |
| 260 ## - PUBLICATION, DISTRIBUTION, ETC. | |
| Date of publication, distribution, etc. | 1967. |
| 300 ## - PHYSICAL DESCRIPTION | |
| Extent | 41, 71, 239 p. |
| Dimensions | 25 cm. |
| 490 1# - SERIES STATEMENT | |
| Series statement | Kendriya Sanskrit Vidyapeetha series ; |
| Volume/sequential designation | 5-6 |
| 500 ## - GENERAL NOTE | |
| General note | Added t. p. in English. |
| 500 ## - GENERAL NOTE | |
| General note | Each section has separate t.p. |
| 500 ## - GENERAL NOTE | |
| General note | In Sanskrit; introd. notes in English. |
| 730 0# - ADDED ENTRY--UNIFORM TITLE | |
| Uniform title | Brahmanas. |
| Name of part/section of a work | Jaiminīyabrāhmana. |
| -- | Upaniṣadbrāhmaṇa. |
| 700 0# - ADDED ENTRY--PERSONAL NAME | |
| Personal name | Sharma, Bellikoth Ramachandra, |
| Dates associated with a name | 1912- |
| 830 #0 - SERIES ADDED ENTRY--UNIFORM TITLE | |
| Uniform title | Kendrīyasamskr̥tavidyāpīṭhagranthamālā ; |
| Volume/sequential designation | 5-6 |
No items available.